LIBRARY & INFORMATION CENTRE, KCAET, TAVANUR

ONLINE PUBLIC ACCESS CATALOGUE (OPAC)

Ground Water : Hydrolgeology.Ground Water Survey and Pumping tests.Rural Water Supply and Irrigation Systems (Record no. 14363)

MARC details
000 -LEADER
fixed length control field 00414nam a22001337a 4500
020 ## - INTERNATIONAL STANDARD BOOK NUMBER
ISBN 9788122419047
082 ## - DEWEY DECIMAL CLASSIFICATION NUMBER
Classification number 551.49
Item number RAG/GR
100 ## - MAIN ENTRY--AUTHOR NAME
Personal name Raghunath,H.M
245 ## - TITLE STATEMENT
Title Ground Water : Hydrolgeology.Ground Water Survey and Pumping tests.Rural Water Supply and Irrigation Systems
250 ## - EDITION STATEMENT
Edition statement 3rd
260 ## - PUBLICATION, DISTRIBUTION, ETC. (IMPRINT)
Place of publication New delhi
Name of publisher New Age International (P) Limited, Publishers
Year of publication 2014
300 ## - PHYSICAL DESCRIPTION
Number of Pages 504
942 ## - ADDED ENTRY ELEMENTS (KOHA)
Koha item type Books
Holdings
Withdrawn status Lost status Damaged status Collection code Home library Current library Shelving location Date acquired Source of acquisition Cost, normal purchase price Full call number Accession Number Koha item type
        KAUAET KAUAET General Stacks 24/06/2016 Dream Tech, Trivandrum 495.00 551.49 RAG/GR 24790 Books
free website counter